U.S. National Parks with Black Bear Sightings - Statistics

General Stats
  • This quiz has been taken 13 times
  • The average score is 26 of 42
Answers on the Grid
Answers color-coded by a green-red scale on the quiz's grid according to % correct below.
Acadia National Park
Arches National Park
Badlands National Park
Big Bend National Park
Biscayne National Park
Black Canyon of the Gunnison National Park
Bryce Canyon National Park
Canyonlands National Park
Capitol Reef National Park
Carlsbad Caverns National Park
Channel Islands National Park
Congaree National Park
Crater Lake National Park
Cuyahoga Valley National Park
Death Valley National Park
Denali National Park
Dry Tortugas National Park
Everglades National Park
Gates of the Arctic National Park
Gateway Arch National Park
Glacier Bay National Park
Glacier National Park
Grand Canyon National Park
Grand Teton National Park
Great Basin National Park
Great Sand Dunes National Park
Great Smoky Mountains National Park
Guadalupe Mountains National Park
Haleakala National Park
Hawai’i Volcanoes National Park
Hot Springs National Park
Indiana Dunes National Park
Isle Royale National Park
Joshua Tree National Park
Katmai National Park
Kenai Fjords National Park
Kings Canyon National Park
Kobuk Valley National Park
Lake Clark National Park
Lassen Volcanic National Park
Mammoth Cave National Park
Mesa Verde National Park
Mount Rainier National Park
National Park of American Samoa
New River Gorge National Park
North Cascades National Park
Olympic National Park
Petrified Forest National Park
Pinnacles National Park
Redwood National Park
Rocky Mountain National Park
Saguaro National Park
Sequoia National Park
Shenandoah National Park
Theodore Roosevelt National Park
Virgin Islands National Park
Voyageurs National Park
White Sands National Park
Wind Cave National Park
Wrangell-St. Elias National Park
Yellowstone National Park
Yosemite National Park
Zion National Park
 
Answer Stats
Answer % Correct
Rocky Mountain National Park
100%
Crater Lake National Park
90%
Grand Teton National Park
90%
Sequoia National Park
90%
Shenandoah National Park
90%
Yosemite National Park
90%
Acadia National Park
80%
Great Smoky Mountains National Park
80%
Kenai Fjords National Park
80%
Kings Canyon National Park
80%
New River Gorge National Park
80%
North Cascades National Park
80%
Olympic National Park
80%
Wrangell-St. Elias National Park
80%
Yellowstone National Park
80%
Black Canyon of the Gunnison National Park
70%
Lake Clark National Park
70%
Mount Rainier National Park
70%
Redwood National Park
70%
Voyageurs National Park
70%
Bryce Canyon National Park
60%
Canyonlands National Park
60%
Gates of the Arctic National Park
60%
Glacier Bay National Park
60%
Glacier National Park
60%
Grand Canyon National Park
60%
Guadalupe Mountains National Park
60%
Kobuk Valley National Park
60%
Lassen Volcanic National Park
60%
Arches National Park
50%
Big Bend National Park
50%
Capitol Reef National Park
50%
Denali National Park
50%
Mesa Verde National Park
50%
Everglades National Park
40%
Hot Springs National Park
40%
Zion National Park
40%
Great Sand Dunes National Park
30%
Petrified Forest National Park
30%
Carlsbad Caverns National Park
20%
Joshua Tree National Park
20%
Saguaro National Park
10%
No matching quizzes found
Score Distribution
Percent of People with Each Score
Percentile by Number Answered
Your Score History
You have not taken this quiz